000 00794nam a22002297a 4500
003 DO-SdBNP
005 20220620135738.0
007 ta
008 220620b2018 |||||||| |||| 00| 0 spa d
020 _a9789945591071
040 _aDO-SdBNP
_bspa
_cBNPHU
082 1 0 _222
_a617.9
_bR426g
110 _aRepública Dominicana. Ministerio de Salud Pública
245 1 0 _aGuía técnica para la implementación de la lista de verificación de la seguridad de la cirugía /
_cMinisterio de Salud Pública
250 _a2 ed.
260 4 _aSanto Domingo :
_bMinisterio de Salud Pública y Asistencia Social,
_c2017.
300 _a19 p. :
_bil.;
_c25 cm
590 _ainventariado,2022 / SA
700 _aPlacencia, Francini
_eCoordinadora técnica
_977840
910 _aSaquino
942 _2ddc
_cLF2
999 _c52073
_d52073